Сними обувь твою: Роман

Библиографические подробности
Главный автор: Войнич Э. Л. Этель Лилиан
Другие авторы: Гурова И. (переводчик), Облонская Р.
Примечания:Исключено из фонда НТБ ТПУ
Язык:русский
Опубликовано: Ленинград, Лениздат, 1965
Формат: Книга
Запись в KOHA:https://koha.lib.tpu.ru/cgi-bin/koha/opac-detail.pl?biblionumber=125944

MARC

LEADER 00000nam0a2200000 4500
001 125944
005 20231101215950.0
035 |a (RuTPU)RU\TPU\book\136264 
090 |a 125944 
100 |a 20071122d1965 m y0rusy50 ca 
101 1 |a rus  |c eng 
102 |a RU 
105 |a y z 000ay 
200 1 |a Сними обувь твою  |e Роман  |f Э. Л. Войнич  |g пер. с англ. И. Гурова и Р. Облонская 
210 |a Ленинград  |c Лениздат  |d 1965 
215 |a 424 с. 
333 |a Исключено из фонда НТБ ТПУ 
700 1 |a Войнич  |b Э. Л.  |c английская писательница  |c переводчик  |c дочь Дж. Буля  |f 1864-1960  |g Этель Лилиан  |2 stltpush  |3 (RuTPU)RU\TPU\pers\20851  |9 8549 
702 1 |a Гурова  |b И.  |4 730 
702 1 |a Облонская  |b Р.  |4 730 
801 1 |a RU  |b 63413507  |c 20071122  |g PSBO 
801 2 |a RU  |b 63413507  |c 20161110  |g RCR 
942 |c BK